00828nam a2200241Ia 450000100060000000300090000600800410001504000130005604000130006904100130008210000210009510000290011624500510014524500550019625000110025126000170026226000120027926000490029130000570034050001290039765000290052665000310055511669IT-RoPAU130308s9999 xx 000 0 und d aIT-RoPAU cIT-RoPAU aSPAGNOLO aFoster Eugene S. gCodice Aut. SPICS: 6503 aFuturo del periodismo radial y televisado (El) bPeriodismo futuro En la comunicacion de masas (El) a1a ed. aBUENOS AIRES bTroquel c1966 [1° Ed.:1966 - Ed.Ling.Originale:1958] a"12 p. (prefazione: no ; testo: 12 [pagine: 69-80])" aFuturo del Giornalismo radiofonico e Televisivo carattere Unico della Trasmissione radiofonica futuro della Radiotelevisione aSAGGI DI STAMPA DI MASSA eCodice materia Spics: 6661